000 00488nam a2200157 4500
001 3767
005 20181127171933.0
010 0 0 _a
020 0 0 _a978071742665
090 0 0 _a371.262 G7811m 2011
245 0 0 _aMcGraw-Hill's new GRE :
_bGraduate record examination general test /
_cSteven W. Dulan and the Faculty of Advantage Eduation.
_h
260 0 0 _aNew York :
_bMcGraw-Hill,
_c2011.
300 0 0 _axiv, 468 p. ; 18 cm.
500 0 0 _a
650 0 0 _aGraduate Record Examination --Study guides.
_x
999 _c3081
_d3081